Statistics for Diego Maradona

Click here to take the quiz!

General Stats

  • This quiz has been taken 1,388 times
    (1,365 since last reset)
  • The average score is 11 of 15

Answer Stats

QuestionAnswer% Correct
What was Maradona`s middle name?Armando
97%
What is Maradona`s nationality?Argentinian
96%
Maradona was awarded "FIFA Player of the Century". Who came second?Pele
92%
"The hand of God". Which country was in the recieving end of that one?England
90%
Which of these clubs did Maradona not play for?Birmingham City
86%
What was Maradona`s shirt number in Napoli?10
85%
Maradona has coached a national team in the World Cup. Which national team?Argentina
84%
How many World Cup`s did Maradona win?1
81%
What was the last club Maradona played for?Boca Juniors
79%
Argentina hosted the World Cup in 1978. What position did Maradona play in?He was not selected
64%
In what year was Maradona born?1960
58%
What was the first european club Maradona played for?Barcelona
54%
How many World Cup`s did Maradona play in?4
46%
Maradona recieved a red card in the World Cup in 1982. Against which team?Brazil
31%
Which argentinian club did Maradona score the most goals for?Argentinos Juniors
16%

Score Distribution

Percentile by Number Answered

Percent of People with Each Score

Your Score History

You have not taken this quiz since the last reset